Countries of the World by First Letter (Easy) - Statistics

General Stats
  • This quiz has been taken 403 times
  • The average score is 154 of 196
Answers on the Map
Answers color-coded by a green-red scale on the quiz's map according to % correct below.
 
Answer Stats
Country % Correct
Afghanistan
94%
Albania
94%
Algeria
94%
Andorra
94%
Angola
94%
Antigua and Barbuda
94%
Argentina
94%
Armenia
94%
Australia
94%
Austria
94%
Azerbaijan
94%
Republic of the Congo
88%
Iceland
87%
India
87%
Indonesia
87%
Iran
87%
Iraq
87%
Ireland
87%
Israel
87%
Italy
87%
Ivory Coast
87%
North Macedonia
86%
United Kingdom
85%
United States
85%
Gabon
84%
Gambia
84%
Georgia
84%
Germany
84%
Ghana
84%
Greece
84%
Grenada
84%
Guatemala
84%
Guinea
84%
Guinea-Bissau
84%
Guyana
84%
Cambodia
83%
Cameroon
83%
Canada
83%
Cape Verde
83%
Chad
83%
Chile
83%
China
83%
Colombia
83%
Comoros
83%
Costa Rica
83%
Croatia
83%
Cuba
83%
Cyprus
83%
Czech Republic
83%
Central African Republic
83%
Federated States of Micronesia
83%
Fiji
83%
Finland
83%
France
83%
Romania
83%
Russia
83%
Rwanda
83%
Democratic Republic of the Congo
82%
Denmark
82%
Djibouti
82%
Dominica
82%
Dominican Republic
82%
Uganda
82%
Ukraine
82%
United Arab Emirates
82%
Uruguay
82%
Uzbekistan
82%
Haiti
81%
Honduras
81%
Hungary
81%
Saint Kitts and Nevis
81%
Saint Lucia
81%
Saint Vincent and the Grenadines
81%
East Timor
80%
Ecuador
80%
Egypt
80%
El Salvador
80%
Equatorial Guinea
80%
Eritrea
80%
Estonia
80%
Eswatini
80%
Ethiopia
80%
Madagascar
79%
Malawi
79%
Malaysia
79%
Maldives
79%
Mali
79%
Malta
79%
Marshall Islands
79%
Mauritania
79%
Mauritius
79%
Mexico
79%
Moldova
79%
Monaco
79%
Mongolia
79%
Montenegro
79%
Morocco
79%
Mozambique
79%
Myanmar
79%
Bahamas
78%
Bahrain
78%
Bangladesh
78%
Barbados
78%
Belarus
78%
Belgium
78%
Belize
78%
Benin
78%
Bhutan
78%
Bolivia
78%
Bosnia and Herzegovina
78%
Botswana
78%
Brazil
78%
Brunei
78%
Bulgaria
78%
Burkina Faso
78%
Burundi
78%
Jamaica
78%
Japan
78%
Jordan
78%
Kazakhstan
77%
Kenya
77%
Kiribati
77%
Kosovo
77%
Kuwait
77%
Kyrgyzstan
77%
São Tomé and Príncipe
75%
Laos
75%
Latvia
75%
Lebanon
75%
Lesotho
75%
Liberia
75%
Libya
75%
Liechtenstein
75%
Lithuania
75%
Luxembourg
75%
Oman
75%
Samoa
75%
San Marino
75%
Saudi Arabia
75%
Senegal
75%
Serbia
75%
Seychelles
75%
Sierra Leone
75%
Singapore
75%
Slovakia
75%
Slovenia
75%
Solomon Islands
75%
Somalia
75%
South Africa
75%
South Korea
75%
South Sudan
75%
Spain
75%
Sri Lanka
75%
Sudan
75%
Suriname
75%
Sweden
75%
Switzerland
75%
Syria
75%
Pakistan
73%
Palau
73%
Panama
73%
Papua New Guinea
73%
Paraguay
73%
Peru
73%
Philippines
73%
Poland
73%
Portugal
73%
Taiwan
72%
Tajikistan
72%
Tanzania
72%
Thailand
72%
Togo
72%
Tonga
72%
Trinidad and Tobago
72%
Tunisia
72%
Turkey
72%
Turkmenistan
72%
Tuvalu
72%
Namibia
71%
Nauru
71%
Nepal
71%
Netherlands
71%
New Zealand
71%
Nicaragua
71%
Niger
71%
Nigeria
71%
North Korea
71%
Norway
71%
Qatar
70%
Vanuatu
57%
Vatican City
57%
Venezuela
57%
Vietnam
57%
Yemen
48%
Zambia
44%
Zimbabwe
44%
No matching quizzes found
Score Distribution
Percent of People with Each Score
Percentile by Number Answered
Your Score History
You have not taken this quiz